[Event "IECC M-5480"]
[Site "IECC email"]
[Date "2006.05.11"]
[Round "?"]
[White "Bigger, Jim"]
[Black "Boyce, Harry"]
[Result "0-1"]
[WhiteElo "1365"]
[BlackElo "1311"]
[PlyCount "34"]
[EventDate "2006.??.??"]
[EventType "tourn (corr)"]
[EventRounds "10"]
[SourceTitle "Corr 2020"]
[Source "ChessBase"]
[SourceDate "2019.09.30"]
[SourceVersion "1"]
[SourceVersionDate "2019.09.30"]
[SourceQuality "1"]
[WhiteTeam "United States"]
[BlackTeam "Australia"]
[WhiteTeamCountry "USA"]
[BlackTeamCountry "AUS"]

1. e4 c5 2. Nf3 Nc6 3. Bc4 d6 4. Nc3 g6 5. 0-0 Bg7 6. d3 Nf6 7. Bf4 0-0 8. d4 cxd4 9. Nxd4 Nxd4 10. Qxd4 e5 11. Bxe5 dxe5 12. Qxe5 Ng4 13. Qg3 Be5 14. Qf3 Bxh2+ 15. Kh1 Qh4 16. Qh3 Nxf2+ 17. Kxh2 Nxh3 0-1

[Event "IECC M-5467"]
[Site "IECC email"]
[Date "2006.04.19"]
[Round "?"]
[White "Bigger, Jim"]
[Black "Benbachir, Khalid"]
[Result "0-1"]
[WhiteElo "1399"]
[BlackElo "1357"]
[PlyCount "42"]
[EventDate "2006.??.??"]
[EventType "tourn (corr)"]
[EventRounds "10"]
[SourceTitle "Corr 2020"]
[Source "ChessBase"]
[SourceDate "2019.09.30"]
[SourceVersion "1"]
[SourceVersionDate "2019.09.30"]
[SourceQuality "1"]
[WhiteTeam "United States"]
[BlackTeam "Morocco"]
[WhiteTeamCountry "USA"]
[BlackTeamCountry "MAR"]

1. e4 g6 2. d4 Bg7 3. Nf3 d6 4. Nc3 Bg4 5. Be2 Nd7 6. 0-0 e5 7. Bg5 f6 8. Bh4 exd4 9. Nxd4 Bxe2 10. Qxe2 Qe7 11. Nd5 Qe5 12. Nxc7+ Kd8 13. Nce6+ Ke8 14. Rad1 Kf7 15. Bg3 Qa5 16. Bxd6 Rc8 17. Qg4 f5 18. exf5 Ngf6 19. Qe2 Rhe8 20. fxg6+ hxg6 21. Qc4 Rxc4 0-1

[Event "IECG CD.2006.0.00108 email"]
[Site "IECG email"]
[Date "2006.03.19"]
[Round "6"]
[White "Bigger, Jim"]
[Black "Cornell, David"]
[Result "0-1"]
[WhiteElo "1400"]
[BlackElo "1416"]
[PlyCount "26"]
[EventDate "2006.03.19"]
[EventType "tourn (corr)"]
[EventRounds "6"]
[SourceTitle "Corr 2024"]
[Source "ChessBase"]
[SourceDate "2023.10.19"]
[SourceVersion "1"]
[SourceVersionDate "2023.10.19"]
[SourceQuality "1"]

1. e4 e6 2. Nf3 b6 3. Bc4 Bb7 4. Nc3 Nf6 5. d3 Be7 6. 0-0 0-0 7. Bf4 Nc6 8. Nb5 d6 9. e5 dxe5 10. Nxe5 Nxe5 11. Bxe5 Bd6 12. Bc3 Be7 13. Be5 Bd6 0-1

[Event "IECG CD.2006.0.00108 email"]
[Site "IECG email"]
[Date "2006.03.19"]
[Round "5"]
[White "Creech, Rick"]
[Black "Bigger, Jim"]
[Result "1-0"]
[WhiteElo "1537"]
[BlackElo "1400"]
[PlyCount "39"]
[EventDate "2006.03.19"]
[EventType "tourn (corr)"]
[EventRounds "6"]
[SourceTitle "Corr 2008"]
[Source "ChessBase"]
[SourceDate "2008.06.24"]
[SourceVersion "1"]
[SourceVersionDate "2008.06.24"]
[SourceQuality "1"]

1. d4 Nc6 2. e4 Nf6 3. e5 Ne4 4. f3 Nf2 5. Kxf2 e6 6. f4 Bb4 7. Nf3 0-0 8. Bb5 a5 9. c3 Be7 10. Nbd2 d5 11. exd6 cxd6 12. Bd3 e5 13. d5 Qb6+ 14. Ke1 exf4 15. Nc4 Qc5 16. dxc6 Qxc6 17. Bxf4 d5 18. Ne3 Be6 19. Qc2 d4 20. Nxd4 1-0

[Event "IECC CL5-2006.04 email"]
[Site "IECC email"]
[Date "2006.03.05"]
[Round "?"]
[White "Bigger, Jim"]
[Black "Hargreaves, John Richard"]
[Result "0-1"]
[WhiteElo "1421"]
[BlackElo "1469"]
[PlyCount "50"]
[EventDate "2006.??.??"]
[EventType "tourn (corr)"]
[EventRounds "4"]
[SourceTitle "Corr 2015"]
[Source "ChessBase"]
[SourceDate "2015.07.17"]
[SourceVersion "1"]
[SourceVersionDate "2015.07.17"]
[SourceQuality "1"]

1. e4 c6 2. d4 d5 3. Nc3 dxe4 4. Nxe4 Nf6 5. Bd3 Nxe4 6. Bxe4 f5 7. Bd3 Qxd4 8. Nf3 Qf6 9. 0-0 Nd7 10. Bg5 Qxb2 11. Bxf5 Nc5 12. Rb1 Qxa2 13. Nd4 Bxf5 14. Nxf5 Qd5 15. Qf3 Qxf3 16. gxf3 e6 17. Rbe1 a5 18. Nd4 Kf7 19. Re5 a4 20. Ra1 Bd6 21. Re3 Ra5 22. Rd1 a3 23. Ra1 Rha8 24. Nb3 Nxb3 25. cxb3 Rxg5+ 0-1